| 000 | 00584nam a22002177a 4500 | ||
|---|---|---|---|
| 008 | 150519b xxu||||| |||| 00| 0 eng d | ||
| 020 | _a9780078025587 | ||
| 020 | _a00780255883 | ||
| 041 | 0 | _aeng | |
| 080 | _a657.1 | ||
| 100 | 1 | _aWild, John J. | |
| 245 | 0 | 0 | _aFundamental accounting principles / |
| 250 | _a21st. ed. | ||
| 260 |
_aNew York, NY : _bMcGraw-Hill/Irwin, _cc2013. |
||
| 300 |
_a1078 f.: _bme il.; _c29 cm. |
||
| 500 | _aIncludes index. | ||
| 650 | 0 | _aKontabilitet | |
| 650 | 0 | _aLlogaritje | |
| 700 | 1 | _aShaw, Ken W. | |
| 942 |
_2udc _cBK |
||
| 999 |
_c820 _d820 |
||